000 00649nam a2200217Ii 4500
003 JO-AjNU
008 230605s9999||||xx |||||||||||||| ||und||
017 _a37626
040 _aJO-AjNU
_bara
_erda
_cJO-AjNU
041 _aara
050 1 4 _aR644.J6.A2282 2003
100 3 _aعبابنه ، سليم,
_eauthor
_917924
245 0 0 _aرواد الطب في الاردن
250 _aط1
264 3 1 _aاربد:المركزالقومي ، 2003
300 _a175ص
336 _atext
_btxt
_2rdacontent
337 _aunmediated
_bn
_2rdamedia
338 _avolume
_bnc
_2rdacarrier
650 4 _aالاطباء الاردنيون -تراجم
_917925
999 _aA5637
_c9205
_d9205